|
|
|
แสดงรายละเอียดบรรณานุกรม |
|
|
Brief Record
: Get Marc (ISO 2709)
: E-mail record
: |
|
|
| LEADER 01174nam 2200277 a 4500 | |||
| 001 7812 | |||
| 003 ULIBM | |||
| 008 030417s2004 caua sb 001 0 eng | |||
| 020 ^a9747236736 | |||
| 082 ^a 294.309 ^b ส-พ | |||
| 100 ^aเสฐียร พันธรังษี | |||
| 245 ^aพุทธประวัติมหายาน (พุทธประวัติ ฉบับ ค้นพบใหม่)/^cเสฐียร พันธรังษี | |||
| 250 ^a พิมพ์ครั้งที่ 6 | |||
| 260 ^aกรุงเทพฯ:^bศยาม,^c2550 | |||
| 300 ^a 362 หน้า 200 บาท | |||
| 500 ^aพระพุทธเจ้า | |||
| 913 ^aImported by ULIBM Administrator | |||
| 949 ^aImport form external file by ULIBM system | |||
| คุณยังไม่ได้ล็อกอิน คุณสามารถมีกิจกรรมร่วมกับเว็บไซต์ได้ แต่ต้องล็อกอินก่อน :: |
|
| สถานะ | |||||||||
| 1. | หนังสือ | 294.309 ส-พ 2004 Barcode: 072678 | ►หนังสือทั่วไป | On Shelf ขอยืม | |||||
| 2. | หนังสือ | 294.309 ส-พ 2004 Barcode: 072679 | ►หนังสือทั่วไป | On Shelf ขอยืม | |||||
| [แสดง 2/2 รายการ] | |||||||||

| รายการใกล้เคียง ผู้แต่ง [เสฐียร พันธรังษี] |
BibComment |
| คอมเมนท์ทรัพยากรรายการนี้ |
|
|
ห้องสมุดโรงเรียนสามัคคีวิทยาคม
159 ถ.บรรพปราการ ต.เวียง อ.เมือง จ.เชียงราย 57000
โทร. 053-711018 โทรสาร 053-713003